00317nam a2200121Ia 4500008004100000041000800041082001400049100001700063245004400080260004900124300001300173365000900186240624s9999 xx 000 0 und d aeng a305.5 BRI aBRINT STEVEN aIN AN AGE OF EXPERTS THE CHANGING ROLES c1996aNew JerseybPrinceton University Press a288 : p. cb26